| 000 | 00625nam a2200205Ia 4500 | ||
|---|---|---|---|
| 999 |
_c3524 _d3524 |
||
| 008 | 251204r20252021ii ad||gd|||||||| ||eng|| | ||
| 020 |
_a9789354247170 _cRs. 1149.00 |
||
| 040 | _aKO | ||
| 082 | 0 | 4 |
_a337 _bSa388 _223 |
| 100 | 1 | _aSalvatore, Dominick | |
| 245 | 1 | 0 |
_aInternational economics: an Indian adaptation / _cDominick Salvatore and Chandan Sharma |
| 250 | _a13th ed. | ||
| 260 |
_aNew Delhi : _bWiley India Pvt. Ltd, _c2021, reprinted 2025 |
||
| 300 |
_axlv, 660 p. _b ill ; _c; 26 cm. |
||
| 650 | 0 | _aInternational trade | |
| 700 |
_aSharma, Chandan _eaut |
||
| 904 | _aA_BOSE | ||
| 942 |
_cBK _2ddc |
||